Numerical methods of mathematical optimization : with algol and fortran programs /
Guardado en:
| Autor Principal: | |
|---|---|
| Otros Autores: | , , , |
| Formato: | Libro |
| Idioma: | English German |
| Publicado: |
New York :
Academic Press,
1971.
|
| Edición: | Corrected and augmented ed. |
| Series: | Computer science and applied mathematics
|
| Materias: | |
| Etiquetas: |
Agregar Etiqueta
Sin Etiquetas, Sea el primero en etiquetar este registro!
|
| LEADER | 01536cam a22003615a 4500 | ||
|---|---|---|---|
| 001 | EIQ.libpla000181 | ||
| 008 | 710806s1971####nyua#####b####001#0#eng#d | ||
| 005 | 20060509192035.0 | ||
| 245 | 1 | 0 | |a Numerical methods of mathematical optimization : |b with algol and fortran programs / |c Hans P. Künzi, H. G. Tzschach [and] C. A. Zehnder; Translated by Werner C. Rheinboldt and Cornelie J. Rheinboldt. |
| 250 | |a Corrected and augmented ed. | ||
| 260 | |a New York : |b Academic Press, |c 1971. | ||
| 300 | |a viii, 219 p. : |b il. ; |c 24 cm. | ||
| 490 | 0 | |a Computer science and applied mathematics | |
| 500 | |a Incluye índice. | ||
| 500 | |a Traducción de Numerische Methoden der mathematischen Optimierung (mit ALGOL und FORTRAN Programmen). | ||
| 504 | |a Bibliografía: p. 162-168. | ||
| 020 | |a 0124288502 | ||
| 100 | 1 | |a Künzi, Hans Paul, |d 1924- | |
| 700 | 1 | |a Tzschach, H. G. | |
| 700 | 1 | |a Zehnder, C. A. | |
| 700 | 1 | |a Rheinboldt, Werner C., |e tr. | |
| 700 | 1 | |a Rheinboldt, Cornelie J., |e tr. | |
| 082 | 0 | 0 | |a 519.7 |
| 650 | 4 | |a Optimización matemática |x Procesamiento de datos. | |
| 650 | 4 | |a ALGOL (Lenguaje programación de computadores) |x Teoría. | |
| 650 | 4 | |a FORTRAN (Lenguaje programación de computadores) |x Teoría. | |
| 650 | 0 | |a Mathematical optimization |x Data processing. | |
| 650 | 4 | |a ALGOL (Computer program language) |x Theory. | |
| 650 | 4 | |a FORTRAN (Computer program language) |x Theory. | |
| 010 | |a 71026785 | ||
| 040 | |a DLC |c DLC |d AR-BbSID | ||
| 041 | 1 | |a eng |h ger | |
| 859 | |a AR-BbSID |b BIB. PLAPIQUI |h 515.64 |i Kun 962 |p 1616 | ||
